000 00701cam a22002531 4500
001 10334904
005 20180215031548.0
008 761023m19661974paua b 001 0 eng
010 _a 65023092
020 _a0721650260 (v.2)
035 _a(OCoLC)2522449
040 _aDLC
_cGAPh
_dOkTOR
_dDLC
041 _aeng
042 _apremarc
060 _aWB 100 C764 1974
080 _a616.026
082 _a616.026 ING
100 1 _a4
101 _aSHM
245 1 0 _aControversy in internal medicine,
_cedited by Franz J. Ingelfinger, Arnold S. Relman [and] Maxwell Finland.
504 _aIncludes bibliographies.
906 _a7
_bcbc
_coclcrpl
_du
_encip
_f19
_gy-gencatlg
942 _2ddc
_cBK
999 _c42546
_d42546